000 01010nam2a22002651 4500
001 RU\NLR\INFOCOMM31\5000069755
005 20250617115639.0
035 _a(NLR Aleph) 002585669
090 _a3315344
_c3315344
100 _a20041020d1974 |||y0rusy50 ca
101 0 _arus
_aeng
102 _aRU
105 _ay ||||000|y
200 1 _aПрограммы накопления и формирования статистических данных на ЭВМ типа ТРА-1001
_fХ. Хаупт, А.А. Хошенко
_gЛаб. вычислит. техники и автоматизации
210 _d1974
_aБ. м.
461 0 _1001RU\NLR\INFOCOMM15\1000176112
_12001#$aИздания$fОбъедин. ин-т ядерных исследований$v10-7847
700 1 _aХаупт
_bХ.
_4070
701 1 _aХошенко
_bА.А.
_4070
801 1 _aRU
_bInfoComm
_c20041217
801 0 _aRU
_bNLR
_gPSBO
852 _aNLR
_jП11/2061
942 _cISSUE
980 _aNB
980 _aRUSPER